| 000 | 01518cas a2200445 i 4500 | ||
|---|---|---|---|
| 001 | 200445243 | ||
| 003 | TR-AnTOB | ||
| 005 | 20251230105357.0 | ||
| 007 | ta | ||
| 008 | 040302u1999uuuutu ar s 0 0tur c | ||
| 010 | _a 99502815 | ||
| 022 |
_a1302-2946 _l1302-2946 |
||
| 035 | _a(OCoLC)ocm54511020 | ||
| 035 | _a(TR-AnTOB)200445243 | ||
| 037 |
_a14099 _cTVG |
||
| 040 |
_aTVG _beng _erda _cTVG _dOCLCQ _dDLC _dOCLCQ _dOCLCF _dTVG _dTR-AnTOB |
||
| 041 | 0 | _atur | |
| 043 | _aa-tu--- | ||
| 050 | 0 | 0 |
_aHC491 _b.Y548 |
| 090 |
_aHC491 _b.Y548 |
||
| 222 | 0 | _aYılı sektörler itibariyle ankete dayalı ekonomik durum analizi. | |
| 245 | 0 | 0 | _aYılı sektörler itibariyle ankete dayalı ekonomik durum analizi. |
| 246 | 3 | 0 | _aSektörler itibariyle ankete dayalı ekonomik durum analizi |
| 264 | 1 |
_aİstanbul : _bİstanbul Ticaret Odası, _c1999- |
|
| 300 |
_avolumes : _bcolor illustrations ; _c30 cm |
||
| 310 | _aAnnual | ||
| 336 |
_atext _btxt _2rdacontent |
||
| 337 |
_aunmediated _bn _2rdamedia |
||
| 338 |
_avolume _bnc _2rdacarrier |
||
| 362 | 1 | _aBegan in 1999. | |
| 490 | 0 | _aYayın / İstanbul Ticaret Odası | |
| 588 | _aDescription based on: 2000. | ||
| 651 | 7 |
_aTürkiye _xEkonomik durum _vİstatistikler _vSüreli yayınlar _2etuturkob _933759 |
|
| 655 | 7 |
_aPeriodicals _2lcgft _0(OCoLC)fst01411641 _9119590 |
|
| 655 | 7 |
_aStatistics _2lcgft _0(OCoLC)fst01423727 _9117237 |
|
| 710 | 2 |
_aİstanbul Ticaret Odası _919571 |
|
| 942 |
_2lcc _cBK |
||
| 999 |
_c200445243 _d63455 |
||